| 000 | 00998nam a2200277 a 4500 | ||
|---|---|---|---|
| 001 | 000024578 | ||
| 005 | 20260521144507.0 | ||
| 008 | 110131s1979 mx r 000 0 spa d | ||
| 020 | _a9684090374 | ||
| 040 |
_aDO-SdBNP _bspa _cBNPHU |
||
| 041 | 1 | 7 |
_aspa _heng _2Código de idioma MARC |
| 082 |
_a501 _bM397p |
||
| 100 | 1 |
_aMaslow, Abraham Harold, _d1908-1970. _950400 |
|
| 240 | 1 | 0 |
_aThe psychology of science. _lEspañol. |
| 245 | 1 | 0 |
_aLa psicología de la ciencia / _cAbraham Harold Maslow ; traducción Agustín Bárcena ; prólogo Arthur G. Wirth. |
| 260 |
_aMéxico : _bEdamex, _c1979. |
||
| 300 |
_aviii, 157, [1] p. ; _c20 cm. |
||
| 534 |
_aTítulo original: _tThe psychology of science. |
||
| 650 | 0 |
_a Ciencia - _xMetodología _93 |
|
| 650 | 0 |
_aFilosofía de la ciencia _919468 |
|
| 650 | 4 |
_aComunicación científica _950401 |
|
| 700 | 1 |
_aBárcena, Agustín _etr. _95521 |
|
| 700 | 1 |
_aWirth, Arthur G. _epról. _950402 |
|
| 710 | 2 |
_aEditores Asociados Mexicanos _950320 |
|
| 049 | _aBNGR | ||
| 999 |
_c24071 _d24071 |
||